| 000 | 00794nam a22002297a 4500 | ||
|---|---|---|---|
| 003 | OSt | ||
| 005 | 20150408114218.0 | ||
| 008 | 140515s2014 njua g b 001 0 eng d | ||
| 020 | _a9781292024202 | ||
| 040 | _aMa-Un | ||
| 082 | 0 | 0 |
_222 _a006.3 _bRSA |
| 100 | 1 |
_aRussell, Stuart J. _q(Stuart Jonathan) _910682 |
|
| 245 | 1 | 0 |
_aArtificial intelligence : _ba modern approach / _cStuart J. Russell, Peter Norvig. |
| 250 | _a3nd International Edition. | ||
| 260 |
_aUpper Saddle River, N.J. : _bPrentice Hall/Pearson Education, _c2014 |
||
| 300 |
_a1091 P. : _bill. ; _c29 cm. |
||
| 490 | 0 | _aPrentice Hall series in artificial intelligence | |
| 504 | _aIncludes bibliographical references and index. | ||
| 650 | _aArtificial intelligence | ||
| 700 | 1 |
_aNorvig, Peter _910684 |
|
| 942 |
_2ddc _cBOOK |
||
| 999 |
_c35124 _d269624 |
||